SUCCESSFUL TECHNICAL WRITING TECHNICAL ARTICLES PAPERS REPORTS INSTRUCTION AND TRAINING MANUAL AND BOOKS (Record no. 567401)

000 -LEADER
fixed length control field 00326nam a22001097a 4500
082 ## - DEWEY DECIMAL CLASSIFICATION NUMBER
Classification number 808.066 HIC'S
100 ## - MAIN ENTRY--PERSONAL NAME
Personal name HICKS, T. G
9 (RLIN) 57099
245 ## - TITLE STATEMENT
Title SUCCESSFUL TECHNICAL WRITING TECHNICAL ARTICLES PAPERS REPORTS INSTRUCTION AND TRAINING MANUAL AND BOOKS
260 ## - PUBLICATION, DISTRIBUTION, ETC.
Place of publication, distribution, etc. NEWYORK
Name of publisher, distributor, etc. MCGRAW HILL
Date of publication, distribution, etc. 1959
300 ## - PHYSICAL DESCRIPTION
Extent 294P
942 ## - ADDED ENTRY ELEMENTS (KOHA)
Koha item type Book
Holdings
Withdrawn status Lost status Source of classification or shelving scheme Damaged status Not for loan Permanent Location Current Location Shelving location Date acquired Shelving control number Full call number Barcode Date last seen Price effective from Koha item type Public note
          College of Electrical & Mechanical Engineering (CEME) College of Electrical & Mechanical Engineering (CEME) Fiction 07/12/2017 English Literature 808.066 HIC'S CEME-4365 06/28/2021 06/28/2021 Book CART-4
© 2023 Central Library, National University of Sciences and Technology. All Rights Reserved.